000 00577cam a22002291 4500
001 sa 68001816
003 DLC
005 20260227112437.0
008 890328s1967 xx 000 0 tam
010 _asa 68001816
035 _a(OCoLC)23552688
040 _aDLC
_cMiU
_dDLC
042 _apremarc
050 0 0 _aPL4758.9.L38
_bP6
100 1 _aLaxminarayanan, Y
_d1920-
245 1 0 _aPonnakare celvi.
260 _c[1967]
300 _a248 p.
_c19 cm.
500 _aIn Tamil.
500 _aA novel.
600 0 0 _aKulottunga
_bI,
_cChola King,
_dactive 1070-1118
_vFiction.
999 _c78244
_d78244